|
|
|
|
| LEADER |
00000cam a2200000 a 4500 |
| 001 |
DC-115 |
| 005 |
20230308193406.0 |
| 008 |
003031|2002 ||||||||r|||||||||||spa|| |
| 040 |
|
|
|b spa
|
| 041 |
1 |
|
|a spa
|
| 100 |
1 |
|
|a Castanier Muñon, Victoria
|9 141670
|
| 245 |
1 |
1 |
|a Las Garantías de los derechos en la constitución ecuatoriana
|c Victoria Filomena Castanier Muñon. Director Pablo Estrella Vintimilla
|h dact
|
| 264 |
|
|
|a Cuenca
|c 2002
|
| 300 |
|
|
|a 97 páginas:
|c 30 cm
|
| 502 |
|
|
|a Abogado de los Tribunales de Justicia de la República y Licenciado en Ciencias Políticas y Sociales
|b Universidad de Cuenca
|c jur
|d Estrella Vintimilla, Pablo, dir.
|e DERECHO
|
| 520 |
3 |
|
|a Las instituciones del hábeas corpus, el hábeas data y el recurso de amparo, tienen un alcance tan profundo, constituyen la mejor fórmula para defender los derechos del hombre y conseguir el equilibrio entre la libertad y el poder. Las garantías de los derechos constitucionales: su finalidad de determinar su valor en el ejercicio de los derechos fundamentales de los ecuatorianos
|
| 650 |
1 |
|
|a Habeas corpus
|9 10400
|
| 650 |
1 |
|
|a Habeas data
|9 43038
|
| 650 |
1 |
|
|a Recurso de amparo
|9 1482
|
| 650 |
|
|
|a Tesis en derecho
|9 1232
|
| 650 |
1 |
|
|9 42576
|a Garantias constitucionales
|
| 852 |
|
|
|a UC-CDJBV
|c CUARTO PISO (SECCION TESIS)
|f Donación
|k teresa.torres
|l 1
|m Limitada
|p 20030310
|t DC-115
|b 1
|d CDRC
|e CDRC
|g CUARTO PISO (SECCION TESIS)
|z 2003-30-31
|
| 942 |
|
|
|c TS
|
| 999 |
|
|
|c 82921
|d 82921
|